[Event "Moscow Petrosian Memorial U18"]
[Site "Moscow"]
[Date "2008.01.??"]
[Round "9"]
[White "Golomovziuk, Alexey"]
[Black "Miloserdova, Irina"]
[Result "1-0"]
[WhiteElo "2033"]
[BlackElo "2015"]
[PlyCount "71"]
[EventDate "2008.01.??"]
[EventType "swiss"]
[EventRounds "9"]
[EventCountry "RUS"]
[SourceTitle "CBM 122 Extra"]
[Source "ChessBase"]
[SourceDate "2008.03.04"]
[SourceVersion "1"]
[SourceVersionDate "2008.03.04"]
[SourceQuality "1"]

1. d4 Nf6 2. c4 e6 3. g3 d5 4. Bg2 dxc4 5. Qa4+ c6 6. Qxc4 Be7 7. Nf3 0-0 8. 0-0 Nbd7 9. Nc3 Nb6 10. Qb3 Nbd5 11. Re1 b6 12. e4 Nxc3 13. bxc3 Bb7 14. Bb2 c5 15. Ne5 cxd4 16. cxd4 Rc8 17. Rad1 Qd6 18. Nxf7 Rxf7 19. e5 Qd7 20. Bxb7 Qxb7 21. exf6 Bxf6 22. Qxe6 h6 23. Re2 Kh8 24. Ba3 Rfc7 25. d5 b5 26. d6 Rd7 27. Bc1 Rcd8 28. Bxh6 Kh7 29. Bf4 a5 30. Rd5 a4 31. Rh5+ Kg6 32. Qf5+ Kf7 33. Rh7 Qf3 34. Rxg7+ Kxg7 35. Bh6+ Kxh6 36. Qxf3 1-0

[Event "Moscow Petrosian Memorial U18"]
[Site "Moscow"]
[Date "2008.01.??"]
[Round "2"]
[White "Repina, Varvara"]
[Black "Golomovziuk, Alexey"]
[Result "1-0"]
[WhiteElo "2158"]
[BlackElo "2033"]
[PlyCount "119"]
[EventDate "2008.01.??"]
[EventType "swiss"]
[EventRounds "9"]
[EventCountry "RUS"]
[SourceTitle "CBM 122 Extra"]
[Source "ChessBase"]
[SourceDate "2008.03.04"]
[SourceVersion "1"]
[SourceVersionDate "2008.03.04"]
[SourceQuality "1"]

1. d4 d5 2. c4 c6 3. Nf3 e6 4. Bg5 Bb4+ 5. Nbd2 Nf6 6. e3 0-0 7. Bd3 Nbd7 8. 0-0 Be7 9. Qc2 h6 10. Bh4 dxc4 11. Nxc4 Nd5 12. Bxe7 Qxe7 13. a3 c5 14. Rfd1 b5 15. Na5 c4 16. Bf1 Qd8 17. Nc6 Qc7 18. Nce5 Bb7 19. b3 Nxe5 20. Nxe5 cxb3 21. Qxb3 a6 22. Rac1 Qe7 23. Nd3 Nb6 24. Qb4 Qf6 25. Nc5 Bd5 26. e4 Bc6 27. Nxa6 Bxe4 28. Qxb5 Rxa6 29. Qxa6 Nd5 30. Qe2 Qg6 31. Qd2 Rb8 32. Kh1 Nf6 33. f3 Bd5 34. a4 Nh7 35. Qf4 Ra8 36. Rb1 Qc2 37. Bd3 Qxa4 38. Be4 Rd8 39. Bxd5 Rxd5 40. Ra1 Qd7 41. Ra8+ Nf8 42. Qb8 Qe7 43. h3 g5 44. Rc1 Kg7 45. Rc8 Ng6 46. Rc7 Rd7 47. Qg8+ Kf6 48. Rxd7 Qxd7 49. Qd8+ Qxd8 50. Rxd8 Nf4 51. g3 Nd5 52. Kg2 Kg6 53. Kf2 Kf6 54. Ke2 Kg6 55. Kd3 f5 56. Kc4 Ne3+ 57. Kc5 f4 58. gxf4 gxf4 59. Kd6 Kf7 60. Ke5 1-0

[Event "Moscow Petrosian Memorial U18"]
[Site "Moscow"]
[Date "2008.01.??"]
[Round "6"]
[White "Sysoykina, Lidia"]
[Black "Golomovziuk, Alexey"]
[Result "1-0"]
[WhiteElo "1737"]
[BlackElo "2033"]
[PlyCount "59"]
[EventDate "2008.01.??"]
[EventType "swiss"]
[EventRounds "9"]
[EventCountry "RUS"]
[SourceTitle "CBM 122 Extra"]
[Source "ChessBase"]
[SourceDate "2008.03.04"]
[SourceVersion "1"]
[SourceVersionDate "2008.03.04"]
[SourceQuality "1"]

1. e4 d6 2. d4 Nf6 3. Nc3 g6 4. f4 Bg7 5. Nf3 c5 6. Bb5+ Bd7 7. e5 Ng4 8. e6 Bxb5 9. exf7+ Kd7 10. Nxb5 Qa5+ 11. Nc3 cxd4 12. Nxd4 h5 13. h3 Nc6 14. Ndb5 Nh6 15. Bd2 Qb6 16. a4 Nf5 17. Qf3 a6 18. Nd5 Qd8 19. Nbc7 e6 20. Nxa8 exd5 21. 0-0-0 Qxa8 22. Qxd5 Nce7 23. Qd3 b5 24. Bb4 Qc6 25. Rhe1 h4 26. Qe2 Bf8 27. Qe6+ Kc7 28. Rd3 Qb6 29. a5 Qb8 30. Bxd6+ 1-0

[Event "RUS-chT U18"]
[Site "Sochi"]
[Date "2007.05.06"]
[Round "?"]
[White "Mubarakshin, Marsel"]
[Black "Golomovziuk, Alexey"]
[Result "0-1"]
[WhiteElo "2096"]
[BlackElo "2066"]
[PlyCount "82"]
[EventDate "2007.05.02"]
[EventType "team"]
[EventRounds "9"]
[EventCountry "RUS"]
[SourceTitle "CBM 118 Extra"]
[Source "ChessBase"]
[SourceDate "2007.07.04"]
[SourceVersion "1"]
[SourceVersionDate "2007.07.04"]
[SourceQuality "1"]

1. d4 Nf6 2. Nf3 e6 3. Bg5 c5 4. c3 h6 5. Bxf6 Qxf6 6. e4 cxd4 7. Qxd4 Qf4 8. Nbd2 Nc6 9. Qd3 Qc7 10. Be2 Be7 11. 0-0 0-0 12. Nc4 d6 13. Ne3 b6 14. Nd2 Bb7 15. f4 Rfd8 16. Qc2 Rac8 17. Rac1 a6 18. a4 b5 19. axb5 axb5 20. Kh1 Qb6 21. Qd3 b4 22. Ndc4 Qa7 23. cxb4 Nxb4 24. Qa3 Qc5 25. Na5 Qxc1 26. Rxc1 Rxc1+ 27. Nf1 Ba6 28. Nb3 Rc6 29. Bxa6 Nxa6 30. Kg1 Nc5 31. Nxc5 Rxc5 32. Ne3 d5 33. Qa7 Rc1+ 34. Kf2 Bc5 35. Qa5 Rb8 36. Qd2 Rb1 37. Qc3 R8xb2+ 38. Kf3 Bxe3 39. Qc8+ Kh7 40. Kxe3 Re1+ 41. Kf3 dxe4+ 0-1

[Event "RUS-chT U18"]
[Site "Sochi"]
[Date "2007.05.03"]
[Round "?"]
[White "Golomovziuk, Alexey"]
[Black "Petrov, Timur"]
[Result "1/2-1/2"]
[WhiteElo "2066"]
[BlackElo "2041"]
[PlyCount "73"]
[EventDate "2007.05.02"]
[EventType "team"]
[EventRounds "9"]
[EventCountry "RUS"]
[SourceTitle "CBM 118 Extra"]
[Source "ChessBase"]
[SourceDate "2007.07.04"]
[SourceVersion "1"]
[SourceVersionDate "2007.07.04"]
[SourceQuality "1"]

1. d4 Nf6 2. c4 e6 3. g3 Bb4+ 4. Bd2 Qe7 5. Bg2 Bxd2+ 6. Qxd2 d5 7. Qc2 0-0 8. Nf3 Nc6 9. a3 Rd8 10. 0-0 Bd7 11. Nbd2 Rac8 12. Rfe1 Nb8 13. b4 b6 14. c5 bxc5 15. bxc5 Nc6 16. e4 dxe4 17. Nxe4 Nxe4 18. Qxe4 Be8 19. Rad1 Qf6 20. d5 exd5 21. Rxd5 g6 22. Qg4 Rb8 23. Ng5 Rxd5 24. Bxd5 Ne5 25. Qh4 h5 26. Qd4 Qxg5 27. Rxe5 Qc1+ 28. Kg2 Bb5 29. Re3 Qf1+ 30. Kf3 Re8 31. Rxe8+ Bxe8 32. Qe4 Qh1+ 33. Kf4 Qc1+ 34. Ke5 Qg5+ 35. Kd4 Qd2+ 36. Kc4 Qa2+ 37. Kd4 1/2-1/2

[Event "Moscow-ch op sf"]
[Site "Moscow"]
[Date "2007.03.10"]
[Round "3"]
[White "Golomovziuk, Alexey"]
[Black "Kolmakov, Pavel"]
[Result "0-1"]
[WhiteElo "2071"]
[BlackElo "2262"]
[PlyCount "83"]
[EventDate "2007.03.05"]
[EventType "swiss"]
[EventRounds "9"]
[EventCountry "RUS"]
[SourceTitle "EXT 2022"]
[Source "ChessBase"]
[SourceDate "2021.10.06"]
[SourceVersion "1"]
[SourceVersionDate "2021.10.06"]
[SourceQuality "1"]

1. d4 Nf6 2. c4 e6 3. g3 c5 4. Nf3 cxd4 5. Nxd4 a6 6. Bg2 Nc6 7. 0-0 Be7 8. Nc3 0-0 9. e4 Qc7 10. Nxc6 dxc6 11. f4 e5 12. f5 Qd8 13. Qe2 b5 14. Be3 Nd7 15. Kh1 f6 16. Rad1 Qa5 17. Qc2 b4 18. Na4 c5 19. b3 Rd8 20. g4 Bb7 21. h4 Rac8 22. Bf3 Kh8 23. g5 Bc6 24. Nb2 Nb8 25. Nd3 Rd7 26. g6 h6 27. Nf2 Rxd1 28. Bxd1 Bb7 29. Qe2 Bf8 30. Rg1 Nc6 31. Ng4 Nd4 32. Bxd4 exd4 33. Qg2 Qc7 34. Bf3 Qf4 35. Qg3 Qxg3 36. Rxg3 Bd6 37. Rg2 Re8 38. Nf2 Bf4 39. Rg4 Be3 40. Nd1 h5 41. Rg3 Bf4 42. Rg1 0-1